| Tag |
First Indicator |
Second Indicator |
Subfields |
| LEADER |
00000cam a2200000Ia 4500 |
| 001 |
in00002509721 |
| 005 |
20151113113859.0 |
| 008 |
091113s1971 dcu b f000 0 eng d |
| 035 |
|
|
|a (OCoLC)ocn465418471
|
| 035 |
|
|
|a (OCoLC)465418471
|
| 040 |
|
|
|a TXA
|c TXA
|d UtOrBLW
|
| 043 |
|
|
|a n-us---
|
| 049 |
|
|
|a TXAM
|
| 090 |
|
|
|a UA23
|b .F53 1971
|
| 245 |
0 |
0 |
|a Field organizations.
|p Unit readiness.
|
| 246 |
1 |
0 |
|a Unit readiness
|
| 264 |
|
1 |
|a Washington, DC :
|b Headquarters, Department of the Army,
|c [1971]
|
| 300 |
|
|
|a 1 volume (various pagings) ;
|c 26 cm.
|
| 336 |
|
|
|a text
|b txt
|2 rdacontent
|
| 337 |
|
|
|a unmediated
|b n
|2 rdamedia
|
| 338 |
|
|
|a volume
|b nc
|2 rdacarrier
|
| 490 |
1 |
|
|a AR ;
|v 220-1
|
| 500 |
|
|
|a Cover title.
|
| 500 |
|
|
|a "15 September 1971."--P. i.
|
| 500 |
|
|
|a "This regulation supersedes AR 220-1, 28 April 1969, including all changes, and DA message 082118Z Jul 71 (U), subject: Cancellation of Reports Control Symbol CSGPO-266(R3), and rescinds RCS CSGPA-266(R3)."--P. i.
|
| 504 |
|
|
|a Includes bibliographical references.
|
| 500 |
|
|
|a The Cushing Library/Ragan Military copy donated in memory of Robert L. Acklen, Jr., class of '63.
|
| 610 |
1 |
0 |
|a United States.
|b Army
|x Operational readiness.
|
| 810 |
1 |
|
|a United States.
|b Department of the Army.
|t Army regulation ;
|v no. 220-1.
|
| 994 |
|
|
|a C0
|b TXA
|
| 948 |
|
|
|a cataloged
|b h
|c 2009/11/13
|d o
|e nbehmer
|f 10:44:55 am
|
| 999 |
|
|
|a MARS
|
| 999 |
f |
f |
|s 23e38851-12cf-3e88-a061-e3dd3cfd60ac
|i 8d6536a4-48c6-3848-81ea-8ac951dac51e
|t 0
|
| 952 |
f |
f |
|p noncirc
|a Texas A&M University
|b College Station
|c Cushing Memorial Library & Archives
|d Cushing: Ragan Military (Does not check out)
|t 0
|e UA23 .F53 1971
|h Library of Congress classification
|i unmediated -- volume
|
| 998 |
f |
f |
|a UA23 .F53 1971
|t 0
|l Cushing: Ragan Military (Does not check out)
|